Loading...
| Current Events | 1 | 20.00 | 100% | 100% | 0% |
| Fine Arts - Auditory Fine Arts | 3 | 30.00 | 100% | 100% | 100% |
| Fine Arts - Other Fine Arts | 3 | 13.33 | 100% | 33% | 0% |
| Fine Arts - Visual Fine Arts | 4 | 17.50 | 100% | 50% | 25% |
| Geography | 1 | 10.00 | 100% | 0% | 0% |
| History - American History | 8 | 15.00 | 88% | 63% | 0% |
| History - European History | 4 | 15.00 | 100% | 25% | 25% |
| History - Other History | 4 | 22.50 | 100% | 100% | 25% |
| History - World History | 5 | 26.00 | 100% | 100% | 60% |
| Literature - American Literature | 5 | 20.00 | 100% | 80% | 20% |
| Literature - British Literature | 4 | 20.00 | 100% | 75% | 25% |
| Literature - European Literature | 1 | 20.00 | 100% | 100% | 0% |
| Literature - World Literature | 6 | 20.00 | 100% | 100% | 0% |
| Mythology | 3 | 30.00 | 100% | 100% | 100% |
| Other Academic | 3 | 23.33 | 100% | 67% | 67% |
| Philosophy | 6 | 13.33 | 100% | 17% | 17% |
| Religion | 5 | 24.00 | 100% | 80% | 60% |
| Science - Biology | 3 | 20.00 | 100% | 100% | 0% |
| Science - Chemistry | 4 | 15.00 | 100% | 50% | 0% |
| Science - Other Science | 3 | 16.67 | 100% | 67% | 0% |
| Science - Physics | 3 | 13.33 | 100% | 33% | 0% |
| Social Science | 1 | 10.00 | 100% | 0% | 0% |